ՄԱՅՐ ԱԹՈՌ ՍՈՒՐԲ ԷՋՄԻԱԾԻՆ

«ՎԱՉԵ ԵՎ ԹԱՄԱՐ ՄԱՆՈՒԿՅԱՆ» ՄԱՏԵՆԱԴԱՐԱՆ

Պատկերասէր պատկերատեաց. (Record no. 52812)

MARC details
000 -LEADER
fixed length control field 04276nam a2200241Ia 4500
003 - CONTROL NUMBER IDENTIFIER
control field SEM
005 - DATE AND TIME OF LATEST TRANSACTION
control field 20241018160146.0
008 - FIXED-LENGTH DATA ELEMENTS--GENERAL INFORMATION
fixed length control field 141116s1716 ne ||||gr||||||01|||arm|d
040 ## - CATALOGING SOURCE
Transcribing agency SEM
Original cataloging agency SEM
041 ## - LANGUAGE CODE
Language code of text/sound track or separate title arm
100 0# - MAIN ENTRY--PERSONAL NAME
Personal name Ղուկաս Վանանդեցի
Titles and words associated with a name դպիր
Dates associated with a name (17-18-րդ դդ.)
Fuller form of name (Ղուկաս Նուրիջանյան)
245 10 - TITLE STATEMENT
Title Պատկերասէր պատկերատեաց.
Remainder of title Սէր է համաձայնութիւն պատկերաց /
Statement of responsibility, etc. Ղուկաս դպիր Վանանդեցի
246 ## - VARYING FORM OF TITLE
Title proper/short title [Պատկերասեր պատկերատյաց]
260 ## - PUBLICATION, DISTRIBUTION, ETC.
Place of publication, distribution, etc. ՅԱմստրդամ :
-- [Ամստերդամ]:
Name of publisher, distributor, etc. տպ. Ղուկասու դպրի Վանանդեցու,
Date of publication, distribution, etc. 1716.
300 ## - PHYSICAL DESCRIPTION
Extent 448 էջ ;
Dimensions Շարվ. չափը շրջանակով՝ 12,3X6,8 սմ ;
-- 15,7 սմ
500 ## - GENERAL NOTE
General note ՏԻՏՂԹ.՝ ՊԱՏԿԵՐԱՍԷՐ/ պատկերատեաց./ Սէր է համաձայնութիւն/ պատկերաց։/ Նուիրեալ՝ և Տեառնագրեալ/ Ջուղայեցի Գիլանէնց ի Տ[է]ր հան/գուցեալ Սարգսի որդւոյ Պե/տրոսին:/ Ի Հայրապետութե[ան]ն Լուսահեղոյս Գահոյ/ին Սրբոյ Էջմիածնի Տեառն աստուածա/տրոյ ամ[ենայն] Հայոց Ինքնագլուխ Կաթուղիկոսի։/ Յօրինեալ երկասէր՝ և տպագիր աշխատա/նօք Ղուկասու Դպրի Վանանդեցւոյ:/ յԱմի Տ[եառ]ն 1716։/ և ի Թուին Հայոց 1165:/ Յ’ԱՄՍՏՐԴԱՄ:/
500 ## - GENERAL NOTE
General note 448 զարդափակ էջ, էջակալության անճշտությամբ (էջերի իրական քանակն է 432): Ութածալ, մամուլանիշերը հայատառ և արաբական թվանշաններով։ Շարվ. չափը շրջանակով՝ 12,3X6,8 սմ: Տիտղթ. զարդափակ։ Լուսանցանիշերով: 2 փորագիր պատկեր՝ 2-րդ և 138-րդ էջերում։ Փոքրիկ գլխազարդեր, վերջազարդեր և զարդագրեր: Բնագիրը մոտ 10 կետաչափի բոլորագրով, օգտագործված են նաև նոտրգիր և գլխագրեր։ ՀԻՇԱՏԱԿԱՐԱՆ ՉՈՒՆԻ։
500 ## - GENERAL NOTE
General note ԾԱՆՈԹ.՝ «Պատկերասէր»­ը վերջանում է 160-րդ էջում, որ միաժամանակ 10-­րդ մամուլի վերջն է։ Հանր. գրադարանի բոլոր օրինակներում այդ էջին հաջորդում է 177-ը, ուր սկսվում է մյուս բնագիրը՝ «Փառք եւ պայծառափայլ փառահեղութիւնն...»։ Այդպիսով, արանքում պակասում է 16 էջ, այսինքն՝ մեկ մամուլ։ Մամուլների համարակալումն էլ ընդհատված է 160-րդ էջում, որը ունի Ժ(10) մամուլանիշը, իսկ 177 էջից սկսվում է ԺԲ (12) մամուլը, ԺԱ (11) մամուլը չկա։ Կարելի էր մտածել, որ մի մամուլ գրքից հանված է, սակայն 160­րդ էջի հիշագիրը՝ Յաղագս համապատասխանում է 177­րդ էջի վերնագրին՝ «Յաղագս առաջին...»։ Նույնը նշել է Ա. Ղազիկյանը («Հայկ. նոր մատ.»), թեև նա չի նկատել մամուլների համարակալման ընդհատումը, և ենթադրել է, թե էջերի ընդհատումը կարող է վրիպակի արդյունք լինել։ Պարզ է, որ վրիպակ չկա, թեև դժվար է բացատրել ընդհատման պատճառը։ Բացի դրանից, գրքի օրինակներում (այդ թվում նաև Ա. Ղազիկյանի տեսած օրինակում) վերջին՝ 448-­րդ էջում բնագիրը մնում է անավարտ ունի «և» հիշագիրը։ Կարելի է ենթադրել, որ նշված թերություններն առկա են նաև գրքի մյուս բոլոր օրինակներում։
650 ## - SUBJECT ADDED ENTRY--TOPICAL TERM
Topical term or geographic name entry element Աստվածաբանություն
General subdivision Արարչագործություն
653 ## - INDEX TERM--UNCONTROLLED
Uncontrolled term ՍԷՄ
856 ## - ELECTRONIC LOCATION AND ACCESS
Uniform Resource Identifier <a href="http://greenstone.flib.sci.am/gsdl/collect/armenian/Books/patkeraser/book/index.html#page/1/mode/2up">http://greenstone.flib.sci.am/gsdl/collect/armenian/Books/patkeraser/book/index.html#page/1/mode/2up</a>
Link text Կարդալ առցանց
942 ## - ADDED ENTRY ELEMENTS (KOHA)
Source of classification or shelving scheme Dewey Decimal Classification
Koha item type Հնատիպներ/Rare Books
Holdings
Withdrawn status Lost status Source of classification or shelving scheme Damaged status Not for loan Collection code Home library Current library Date acquired Cost, normal purchase price Inventory number Total Checkouts Full call number Barcode Date last seen Price effective from Koha item type Public note
    Dewey Decimal Classification     Հնատիպ ֆոնդ Մայր Աթոռ Սուրբ Էջմիածին «Վաչե և Թամար Մանուկյան» Մատենադարան Մայր Աթոռ Սուրբ Էջմիածին «Վաչե և Թամար Մանուկյան» Մատենադարան 28/12/2016 155075.00 Հնտ-196   Հնտ-196 Հնտ-196 28/12/2016 28/12/2016 Հնատիպներ/Rare Books Չի սպասարկվում